Biblioteca Parlamentaria
Catálogo en línea

La revolucion proletario intelectual (Registro nro. 16579)

000 -CABECERA
Campo de control interno 00419nam a2200169Ia 4500
008 - ELEMENTOS DE LONGITUD FIJA - INFORMACION
Elementos de Longitud Fija - Informaci 141014s9999||||xx |||||||||||||| ||und||
010 ## - LIBRARY OF CONGRESS CONTROL NUMBER
LC control number 16429
020 ## - INTERNATIONAL STANDARD BOOK NUMBER
ISBN S/ISBN
082 ## - NUMERO DE CLASIFICACION DECIMAL DEWEY
1ra. Clasificación 323.33 G.643
100 ## - AUTOR PERSONAL
Autor Personal Gonzalez Rojo, Enrique
245 ## - TÍTULO GENERAL
Título La revolucion proletario intelectual
250 ## - EDICION
Edición 1ra Ed
260 ## - EDITORIAL
Ciudad Diogenes S.A Mexico
Fecha 1981
300 ## - DESCRIPCION
Número de páginas 133 p
Dimensiones 19 cm
650 ## - DESCRIPTORES - TEMAS
Temas - Descriptores socialismo
942 ## - ELEMENTOS DE KOHA
Tipo de Documento Libros
Existencias
Withdrawn status Lost status Damaged status Not for loan Ubicaci Biblioteca Fecha de Adquisición Signatura Topogr Código de barras Date last seen Price effective from Tipo de Item
        Biblioteca Asamblea Nacional Biblioteca Asamblea Nacional 2014-10-14 323.33 G.643 16429 2014-10-14 2014-10-14 Libros
Dirección: Av. 6 de Diciembre y Piedrahita | Quito - Ecuador
Teléfonos: 593-23991000 Ext: 1147/1148
Correo:
archivo.biblioteca@asambleanacional.gob.ec

Soporte: FusionSolutions Cia. Ltda
archivobiblioteca white

Con tecnología Koha